Prečo potrebujeme politiku verejného zdravia?
Choroby a ich príčiny. determinanty zdravia. Priority vo verejnom zdravotníctve v EÚ. Orgány verejného zdravotníctva na Slovensku. Poradenské centrá ochrany a podpory zdravia. Stratégia EÚ v oblasti zdravia.
Na minha lista:
| Autor principal: | |
|---|---|
| Formato: | Capítulo de Livro |
| Idioma: | eslovaco |
| Assuntos: | |
| Tags: |
Sem tags, seja o primeiro a adicionar uma tag!
|
MARC
| LEADER | 00000naa a2200000 4500 | ||
|---|---|---|---|
| 001 | 0197686 | ||
| 005 | 20231120130458.5 | ||
| 041 | 0 | |a slo | |
| 044 | |a SK | ||
| 245 | 1 | 0 | |a Prečo potrebujeme politiku verejného zdravia? |c Dagmar Hrašková |
| 520 | |a Choroby a ich príčiny. determinanty zdravia. Priority vo verejnom zdravotníctve v EÚ. Orgány verejného zdravotníctva na Slovensku. Poradenské centrá ochrany a podpory zdravia. Stratégia EÚ v oblasti zdravia. | ||
| 610 | 2 | 0 | |a politika zdravotná |
| 610 | 2 | 0 | |a Slovensko |
| 610 | 2 | 0 | |a Európska únia |
| 610 | 2 | 0 | |a zdravotníctvo verejné |
| 610 | 2 | 0 | |a ochrana zdravia |
| 100 | 1 | |a Hrašková, Dagmar | |